|
|
|
|
| LEADER |
00000nab a2200000 a 4500 |
| 001 |
vtls000356767 |
| 003 |
SK-MaSNL |
| 005 |
20260304035012.0 |
| 008 |
160201c xo 0 cze |
| 015 |
|
|
|a SNBRA19rr/mm-uuuuu
|
| 035 |
|
|
|a CL0356889
|
| 040 |
|
|
|a SNKBUCL
|b slo
|c SNKBUCL
|e AACR2
|
| 041 |
0 |
|
|a cze
|
| 044 |
|
|
|a xo
|c SK
|
| 080 |
|
|
|a 632.937
|2 1981
|
| 100 |
1 |
|
|a Jarošík, Vojtěch
|4 aut
|9 1318457
|
| 245 |
1 |
0 |
|a Využití smyčkové analýzy v biologické ochraně skleníkových kultur
|c Vojtěch Jarošík
|
| 650 |
0 |
7 |
|a biologická ochrana rastlín
|2 snkbucl
|9 224755
|
| 650 |
0 |
7 |
|a kultúrne rastliny
|2 snkbucl
|9 464979
|
| 655 |
|
7 |
|a články zo zborníkov
|2 snkbucl
|9 166140
|
| 773 |
0 |
|
|t Zborník odborných prác 7. celoštátnej konferencie mladých vedeckovýskumných pracovníkov v odbore rastlinná výroba a 8. fakultnej konferencie v odbore živočíšna výroba
|d Nitra : Ed
|
| 850 |
|
|
|a Slovenská národná knižnica v Martine
|a MTA001
|
| 852 |
|
|
|a SNK
|b KIS3GCP
|
| 958 |
|
|
|a RK
|
| 958 |
|
|
|a CZ
|
| 992 |
|
|
|a RZB
|
| 999 |
|
|
|c 2655836
|d 2657766
|